000
00252nam a2200097Ia 4500
082
_a
EF MEYE
245
0
_a
The host : a novel
100
_a
Meyer, Stephenie. London, 2009
_9
94376
942
_c
BK
008
210817s9999 xx 000 0 und d
999
_c
386368
_d
386369